000 00630nam a2200217Ia 4500
003 GCL
008 140319s9999 xx 000 0 ara d
040 _aGCL /
_cGCL
082 0 4 _a530
_bم ف
100 1 _aمحمد سالم
245 1 0 _aالفيزياء التجريبية لطلبة المرحلة الجامعية والمعاهد العليا /
_cمحمد سالم
300 _a369
490 _aكتاب
_v0
650 0 4 _aطرق التدريس
650 0 4 _aالفيزياء
650 0 4 _aالتدريس
650 0 4 _aالعلوم
650 0 4 _aتعليم وتدريس
650 0 4 _aتجارب
942 _2ddc
_cBK
999 _c42889
_d42889